| 000 | 01173nam0a22002651 4500 | ||
|---|---|---|---|
| 001 | rc\2781541 | ||
| 005 | 20250529163607.0 | ||
| 035 | _a(NLR Aleph) 006907769 | ||
| 090 |
_a7314871 _c7314871 |
||
| 100 | _a20110915d1935 |||y0rusy50 ca | ||
| 101 | 0 | _arus | |
| 102 | _aRU | ||
| 105 | _aae z ||||| | ||
| 200 | 1 |
_aВодоснабжение строительных площадок _fДоц. Н. Н. Абрамов _g[Предисл.: проф. Н. Н. Гениев] |
|
| 210 |
_aМосква _aЛенинград _cОнти. Глав. ред. строит. лит-ры _d1935 _eЛенинград _gтип. им. Бухарина |
||
| 215 |
_aПереплет, 135 с., 1 вкл. л. черт. _cил. _d23х15 см. |
||
| 320 | _aБиблиогр.: "Перечень источников и лит-ры" (с. 134-35) | ||
| 700 | 1 |
_7ca _8rus _aАбрамов _bН. Н. _cд-р техн. наук, водоснабжение _f1901- _gНиколай Николаевич _9232571 _3RU\NLR\AUTH\770232627 |
|
| 702 | 1 |
_aГениев _bН.Н. _4080 |
|
| 801 | 0 |
_aRU _bNLR _gpsbo |
|
| 801 | 1 |
_aRU _bELAR _2rusmarc |
|
| 852 |
_aNLR _j35-4/1139 |
||
| 942 | _cBOOK | ||
| 980 | _aNB | ||